| 000 -LEADER |
| fixed length control field |
00727nam a2200205Ia 4500 |
| 001 - CONTROL NUMBER |
| control field |
17323 |
| 003 - CONTROL NUMBER IDENTIFIER |
| control field |
GE_BSU |
| 008 - FIXED-LENGTH DATA ELEMENTS--GENERAL INFORMATION |
| fixed length control field |
181216s||||||||xx |||||||||||||| ||und|| |
| 040 ## - CATALOGING SOURCE |
| Transcribing agency |
GE_BSU |
| 080 ## - UNIVERSAL DECIMAL CLASSIFICATION NUMBER |
| Universal Decimal Classification number |
82-93:821.353.1-32 |
| 245 ## - TITLE STATEMENT |
| Title |
პატარა საუნჯე [ტ.] 1 |
| 245 ## - TITLE STATEMENT |
| Remainder of title |
ქართველ მწერალთა საბავშვო ნაწარმოებები 2 ტომად |
| 245 ## - TITLE STATEMENT |
| Statement of responsibility, etc. |
რედ.: ე. ვირსალაძე, ნ.ალანია |
| 260 ## - PUBLICATION, DISTRIBUTION, ETC. |
| Place of publication, distribution, etc. |
თბილისი |
| 260 ## - PUBLICATION, DISTRIBUTION, ETC. |
| Name of publisher, distributor, etc. |
ნაკადული |
| 260 ## - PUBLICATION, DISTRIBUTION, ETC. |
| Date of publication, distribution, etc. |
1962 |
| 300 ## - PHYSICAL DESCRIPTION |
| Extent |
306გვ.;22სმ |
| 653 ## - INDEX TERM--UNCONTROLLED |
| Uncontrolled term |
საბავშვო ნაწარმოებები |
| 942 ## - ADDED ENTRY ELEMENTS (KOHA) |
| Koha item type |
წიგნი |